IFM Opac

Financial Accounting (Record no. 22191)

MARC details
000 -LEADER
fixed length control field 00368nam a22001577a 4500
020 ## - INTERNATIONAL STANDARD BOOK NUMBER
ISBN 978-0-357-89983-0
082 ## - DEWEY DECIMAL CLASSIFICATION NUMBER
Classification number 657
100 ## - MAIN ENTRY--AUTHOR NAME
Personal name Warren, Carl S.
245 ## - TITLE STATEMENT
Title Financial Accounting
250 ## - EDITION STATEMENT
Edition statement 17th
260 ## - PUBLICATION, DISTRIBUTION, ETC. (IMPRINT)
Place of publication Bosto:
Name of publisher Cengage,
Year of publication 2021
300 ## - PHYSICAL DESCRIPTION
Number of Pages xxiv, 810p.: ill.; 28cm
700 ## - ADDED ENTRY--PERSONAL NAME
Personal name Jones, Jefferson P.
700 ## - ADDED ENTRY--PERSONAL NAME
Personal name Tayler, William B.
942 ## - ADDED ENTRY ELEMENTS (KOHA)
Koha item type Books
Holdings
Withdrawn status Lost status Damaged status Not for loan Collection code Permanent Location Current Location Shelving location Date acquired Source of acquisition Full call number Accession Number Price effective from Koha item type
        Non-fiction IFM Main Campus Library IFM Main Campus Library Work Room processing 01/21/2026 Purchased 657 WAR 0000030436 01/21/2026 Books
        Non-fiction IFM Main Campus Library IFM Main Campus Library Work Room processing 01/21/2026 Purchased 657 WAR 0000030437 01/21/2026 Books
        Non-fiction IFM Main Campus Library IFM Main Campus Library Work Room processing 01/21/2026 Purchased 657 WAR 0000030435 01/21/2026 Books